Instruments of the Orchestra - Statistics

General Stats
  • This quiz has been taken 90 times
    48 since last reset
  • The average score is 17 of 23
Answer Stats
Type Instrument % Correct
Keyboard Pianoforte
98%
Strings Harp
95%
Strings Double Bass
88%
Brass Trumpet
88%
Woodwind Clarinet
85%
Woodwind Flute
85%
Woodwind Oboe
85%
Keyboard Organ
85%
Strings Viola
83%
Strings Violin
83%
Strings Violoncello
83%
Woodwind Bassoon
78%
Brass Trombone
78%
Brass Tuba
75%
Brass French Horn
73%
Woodwind Bass Clarinet
68%
Woodwind Piccolo
68%
Woodwind Saxophone
63%
Woodwind Cor Anglais
58%
Keyboard Harpsichord
58%
Woodwind Contrabassoon
55%
Percussion Timpani
55%
Keyboard Celesta
48%
No matching quizzes found
Score Distribution
Percent of People with Each Score
Percentile by Number Answered
Your Score History
You have not taken this quiz since the last reset